El impacto tributario en las relaciones econm̤icas entre Chile y Espaą De la globalizacin̤ a la reforma /

Detalles Bibliográficos
Autor principal: Yę̀z Villanueva, Felipe
Formato: eBook
Lenguaje:español
Publicado: Santiago de Chile: Universidad de los Andes (Chile), 2015
Materias:
Acceso en línea:Acceso restringido

MARC

LEADER 00000nam a22000007a 4500
005 20180402210844.0
007 cr|||| ||||
008 180402s2015 cl |||||s|||| 00||0 spa d
020 |a 978-956-7160-90-7 
035 |a 21300 
040 |a vLex 
090 |c 7630  |d 7630 
100 1 |a Yę̀z Villanueva, Felipe 
245 1 2 |a El impacto tributario en las relaciones econm̤icas entre Chile y Espaą  |h [Recurso electrn̤ico] :  |b De la globalizacin̤ a la reforma /  |c Felipe Yę̀z Villanueva 
256 |a Servicio en ln̕ea 
260 |a Santiago de Chile:  |b Universidad de los Andes (Chile),  |c 2015 
300 |a 1 recurso electrn̤ico 
506 1 |a Disponible solo en los productos indicados  |d vLex Global  |d vLex Global (Academic Edition, excluding Law Schools)  |d vLex Global (U.S. Academic Edition, Law Schools)  |d vLex Global (U.S. Academic Edition, excluding Law Schools)  |d vLex Global (Academic Edition, Law Schools) 
650 0 4 |a Derecho Fiscal  |z Chile 
650 0 4 |a Derecho Tributario  |z Chile 
740 0 |a vLex Libros (Servicio en ln̕ea) 
856 4 0 |u http://vlex.com/source/impacto-tributario-en-las-relaciones-economicas-entre-chile-y-espa-a-de-la-globalizacion-a-la-reforma-21300  |z Acceso restringido 
942 |c BOOK 
999 0 |a Tax Law 
999 0 |a Tax Law